000 01099nam a22003257a 4500
003 CHAP
005 20220329133710.0
008 971013s1964 r 00010 d
010 _a9657
011 _a10629
035 _a9867
040 _cCHAP
082 _a631.4016
_bA2
100 0 0 _aAcademia de Ciencias de Cuba. Comisión Nacional.
_9364
245 _aEstudio de los suelos
260 _aLa Habana :
_bInstituto de Documentación e Información Científica y Técnica,
_c1964
300 _a60 h.
490 _aInformación temática de actualidad
_v; 2
590 _aBATCH-UPD
_b10
_c20130109
_lUCH01
_h2339
590 _aBATCH-UPD
_b10
_c20130110
_lUCH01
_h2313
590 _aBATCH-UPD
_b10
_c20130409
_lUCH01
_h1908
590 _aBATCH-UPD
_b10
_c20130410
_lUCH01
_h1604
590 _aBATCH-UPD
_b10
_c20130913
_lUCH01
_h1844
590 _aCONVERSION
_b10
_c20130109
_lUCH01
_h1306
650 1 4 _aSuelos
_xBibliografía.
_9110217
830 0 _aInformación temática de actualidad
_v; 2
_958092
901 _aBK
942 _cLIBRO
949 _a631.4016 A2
_bBC
_cC
_d33724000959904
_eC
_h36044
_i9867
_si
999 _c9657
_d9657